Logo BPK

Biblioteka

Politechniki Koszalińskiej

Klipp und Klar : (Rekord nr 40117)

Szczegóły MARC
000 -ETYKIETA REKORDU
podpole kontrolne o stałej długości 00664nam a2200229 i 4500
001 - NUMER KONTROLNY REKORDU
pole kontrolne bg
020 ## - MIĘDZYNARODOWY ZNORMALIZOWANY NUMER KSIĄŻKI - ISBN
ISBN 3126753264
040 ## - ŹRÓDŁO KATALOGOWANIA
Instytucja, która utworzyła rekord BPK
041 0# - KOD JĘZYKA
Kod języka tekstu de
080 ## - UNIWERSALNA KLASYFIKACJA DZIESIĘTNA - UKD
UKD 811.112.2'36(07)
920 ## - Międzynarodowy znormalizowany numer książki – ISBN
ISBN 3-12-675326-4
008 - POLE O STAŁEJ DŁUGOŚCI - DANE KONTROLNE
podpole kontrolne o stałej długości s pl f |000 0 pol
100 1# - NAZWA OSOBOWA
Nazwa osobowa FANDRYCH, Christian
245 10 - TYTUŁ/ODPOWIEDZIALNOŚĆ
Tytuł Klipp und Klar :
Ciąg dalszy tytułu Übungsgrammatik Grundstufe Deutsch in 99 Schritten /
Pozostałe elementy strefy tytułu i oznaczenia odpowiedzialności Christian Fandrych, Ulrike Tallowitz.
260 ## - STREFA ADRESU WYDAWNICZEGO
Miejsce wydania Stuttgart :
Nazwa wydawcy/dystrybutora Ernst Klett Int.,
Data publikacji, dystrybucji/powstania dokumentu 2000.
300 ## - STREFA OPISU FIZYCZNEGO
Objętość 248, [7] s. :
Inne cechy fizyczne il. ;
Rozmiary 28 cm.
504 ## - UWAGA DOTYCZĄCA BIBLIOGRAFII
Informacje o bibliografii Indeks.
650 #9 - HASŁO PRZEDMIOTOWE W FORMIE NAZWY OGÓLNEJ LUB JEDNOSTKOWEJ
Nazwa ogólna lub geograficzna Język niemiecki
Określnik ogólny gramatyka
655 ## - TERMIN INDEKSOWY - OKREŚLENIE RODZAJU/FORMY DOKUMENTU
Określenie rodzaju/formy dokumentu Podręczniki
700 1# - HASŁO DODATKOWE - NAZWA OSOBOWA
Nazwa osobowa TALLOWITZ, Ulrike
942 ## - DODATKOWE ELEMENTY (KOHA)
Typ dokumentu Książka
Egzemplarze
Wycofany Status egzemplarza Uszkodzony Dostępność Lokalizacja stała Lokalizacja bieżąca Miejsce przechowywania Sygnatura Kod kreskowy Typ dokumentu
      Dostępny Biblioteka Politechniki Koszalińskiej Biblioteka Politechniki Koszalińskiej Wypożyczalnia BG 60138 01617313 Książka
© 2023 Biblioteka Politechniki Koszalińskiej :: KOHA